00498 2200157 4500245007000000020002200070250001000092100002800102005001900130260002600149041001400175084001100189500009200200490003900292336000900331 aPUSTAKA PENGETAHUAN AL-QURAN VOL.3cMUHAMMAD AS-SYYID YUSUFhText a978-979-16368-0-3 aCet.1 aMUHAMMAD AS-SYYID YUSUF a20240826115157 aJakartabDAR AS-SALAM aIndonesia a297.04 aDaftar isi :hubungan sesama muslim, perbaikan individu dan keluarga, perbaikan keluarga aPUSTAKA PENGETAHUAN AL-QURAN VOL.3 atext